| 000 | 00605nam a2200241 a 4500 | ||
|---|---|---|---|
| 001 | nice12345678 | ||
| 003 | IN_TiNIC | ||
| 005 | 20260116011658.0 | ||
| 008 | 050524s1974 mada grp 000 0 eng | ||
| 020 |
_a _c10 |
||
| 082 | 0 | 0 |
_a320 _bCHA |
| 100 | _aChatterji, Saral K | ||
| 245 | _aCoalition Government. | ||
| 260 |
_aMadras _bChristian Literature Society _c1974 |
||
| 300 | _a145p | ||
| 500 | _aincludes index and biblioraphy | ||
| 505 | 2 | _aSocial Concerns Series-No.16 | |
| 650 | _aPolitical Science | ||
| 700 | 1 | _aChatterji, Saral K | |
| 902 | _bSRS | ||
| 942 | _cBK | ||
| 999 |
_c3361 _d3361 |
||